000 00324nam a2200133 i 4500
001 bg
100 1 _aKARLESON, L.
245 0 _aIzbrannyje problemy teorii isklucitelnych mnożestw /
_cL. Karleson.
260 _aMoskwa,
_c1971.
040 _cBPK
041 _apol
942 _cKS
008 s pl f |000 0 pol
999 _c9158
_d9158
856 _uhttp://koha.tu.koszalin.pl/cgi-bin/koha/opac-detail.pl?biblionumber=9158
_yKatalog online BPK